Rambles of a runaway from southern slavery (Record no. 190586)
[ view plain ]
| 000 -LEADER | |
|---|---|
| fixed length control field | 01925nam a2200457 a 4500 |
| 082 04 - DEWEY DECIMAL CLASSIFICATION NUMBER | |
| Classification number | 306.3/62092 |
| -- | B |
| 100 1# - MAIN ENTRY--AUTHOR NAME | |
| Personal name | Goings, Henry, |
| 245 10 - TITLE STATEMENT | |
| Title | Rambles of a runaway from southern slavery |
| 260 ## - PUBLICATION, DISTRIBUTION, ETC. (IMPRINT) | |
| Place of publication | Charlottesville : |
| Name of publisher | University of Virginia Press, |
| Year of publication | 2012. |
| 300 ## - PHYSICAL DESCRIPTION | |
| Number of Pages | xxxvi, 157 p. : |
| Other physical details | maps. |
| 490 1# - SERIES STATEMENT | |
| Series statement | Carter G. Woodson Institute series |
| 650 #0 - SUBJECT ADDED ENTRY--TOPICAL TERM | |
| Topical Term | Slaves |
| Topical Term | Freedmen |
| Topical Term | African Americans |
| Topical Term | Slave narratives |
| Topical Term | Slaves |
| Topical Term | African Americans |
| 700 1# - ADDED ENTRY--PERSONAL NAME | |
| Personal name | Schermerhorn, Calvin, |
| Personal name | Plunkett, Michael, |
| Personal name | Gaynor, Edward, |
| 856 40 - ELECTRONIC LOCATION AND ACCESS | |
| Uniform Resource Identifier | http://site.ebrary.com/lib/rucke/Doc?id=10557861 |
No items available.
